| 000 | 00351nam a2200145Ia 4500 | ||
|---|---|---|---|
| 005 | 20250508061826.0 | ||
| 008 | 240331s9999 xx 000 0 und d | ||
| 082 |
_bTHA _a891 |
||
| 100 | _aThamaraichelvi | ||
| 245 | 0 | _aVeethiyellam thoranangal | |
| 260 |
_aNarehenpitiya _bMeera Pathippagam _c2003 |
||
| 300 | _a84 p ., | ||
| 650 | _aNovel | ||
| 942 | _cL | ||
| 999 |
_c4329 _d4329 |
||